00534nam a22001697a 450000500170000001000140001702000260003103500130005703700130007008200130008310000240009624501110012026000340023127000480026530000320031350000190034520100809112513.0 aENG-98997 a9788120339422c395.00 aEN-82529 bDBAD/PUB a001.6404 aBahadure, Nilesh B.m aMicroprocessors :bthe 8086/8088, 80186/80286, 80386/80486 and the pentium family /cby Nilesh B. Bahadure aNew DelhibPHI Learningc2010 aM-97, Connaught Circus, bNew Delhie110001 axx, 660p.:c23cm (pbk)bill aIncludes index